000 00679nam a22001577a 4500
005 20260514112736.0
008 260514b |||||||| |||| 00| 0 eng d
050 _aTHE PL 8708 .9 .K56 2025
100 _aKING'OO FAITH MUMO
245 _aUCHANGANUZI WA LUHYA YA KISITIARI KATIKA KUSAWIRI SIASA KATIKA RIWAYA YA KISWAHILI: MFANO WA CHOZI LA HERI NA KIZA KATIKA NURU
260 _aKISII,
_bKISII UNIVERSITY PRESS,
_c2025.
300 _aXIII,104 P
500 _aINCLUDES BIBLIOGRAPHIC REFERENCES.
650 _a1. SWAHILI8 LITERATURE- KENYA- POLITICAL ASPECTS. 2. SWAHILI FICTION- ANAlYSIS- CHOZI LA HERI. 3 . SWAHILI FICTION- ANALYSIS- KIZA KATIKA NURU
942 _2lcc
_cREF
999 _c217141
_d217141